50 maiores municípios de Santa Catarina - Statistics

Estatísticas Gerais
  • Esse quiz foi jogado 1 489 vezes
    1 097 desde o último reset
  • A pontuação média é 29 de 50
Estatísticas das Respostas
Posição Município População % Correto
2 Florianópolis 492.977
98%
1 Joinville 583.144
97%
5 Chapecó 216.654
93%
3 Blumenau 352.460
92%
7 Criciúma 213.023
91%
4 São José 242.927
86%
11 Balneário Camboriú 138.732
85%
6 Itajaí 215.895
83%
10 Lages 157.743
83%
9 Palhoça 168.259
79%
13 Tubarão 104.937
78%
12 Brusque 131.703
77%
8 Jaraguá do Sul 174.158
73%
15 Camboriú 80.834
72%
24 Itapema 63.250
66%
16 Navegantes 79.285
63%
19 Rio do Sul 70.100
63%
30 Xanxerê 50.309
62%
18 Concórdia 74.106
59%
31 Laguna 45.500
59%
46 Penha 31.764
59%
17 Caçador 77.863
57%
21 Indaial 67.923
57%
29 São Francisco do Sul 51.677
57%
23 Biguaçu 67.458
56%
45 Pomerode 32.874
56%
25 Mafra 56.017
54%
20 Gaspar 68.465
53%
36 São Miguel do Oeste 40.090
53%
50 Xaxim 28.424
52%
48 Joaçaba 29.827
51%
22 Araranguá 67.578
50%
37 Curitibanos 39.595
49%
14 São Bento do Sul 83.576
49%
34 Timbó 43.484
49%
32 Imbituba 44.412
47%
49 Barra Velha 28.463
45%
38 Tijucas 37.645
45%
27 Canoinhas 54.319
40%
35 Rio Negrinho 42.106
40%
28 Videira 52.510
40%
42 Campos Novos 35.930
38%
26 Içara 55.581
35%
43 Porto União 35.250
34%
39 Araquari 36.710
33%
40 Fraiburgo 36.299
33%
33 Guaramirim 43.822
33%
47 Sombrio 30.010
32%
44 Braço do Norte 33.016
24%
41 São João Batista 36.244
18%
Nenhum quiz correspondente encontrado
Distribuição das Pontuações
Porcentagem de Pessoas com Cada Pontuação
Percentil de Números Respondidos
Sua Pontuação Histórica
Você não jogou esse quiz desde o último reset